02046nam a2200181 4500999001900000008004100019100002500060245010000085260000900185300001500194520137900209650002001588650004201608773004401650906005001694942001201744952010801756 c508200d508200190314b ||||| |||| 00| 0 eng d aChand, Prakash93364 aEnvironmental protection and regulations in India:brole of the Central Pollution Control Board c2018 ap.645-663. aSince independence, Indian policymakers have attempted to address environmental problems by passing a number of rules and regulations as per the vision of the constitution and in response to the requirement of time. However, due to the prevalent poverty and the developmental compulsions of the nation, environment and its protection was not a priority of the government till the end of the 1960s. But, the 1972 Stockholm Conference on Human Environment brought a marked shift in India’s approach to environmental issues. The conference proved to be a turning point in India’s perception on environment and facilitated the creation of the National Committee on Environmental Planning and Co-ordination (NCEPC) in 1972. The NCEPC triggered a rise in environmental legislation, beginning with the Water (Prevention and Control of Pollution) Act of 1974, which provided for the creation of Pollution Control Boards for the control of water pollution at national and state levels and empowered them to enforce the law. The boards were later empowered to deal with air pollution by Air (Prevention and Control of Pollution) Act of 1981 and acted as regulatory mechanisms to environmental protection. This article primarily deals with the role of the Central Pollution Control Board as a regulatory authority to environmental protection and regulations in India. - Reproduced. aPollution93123 aCentral Pollution Control Board93365 aIndian Journal of Public Administration aEnvironmental protection - Regulation - India 2ddccAR 00102ddc40709382203aIIPAbIIPAd2019-03-14h64(4), Dec, 2018: p.645-663.pAR119230r2019-03-14yAR